000 00580nam a2200229Ia 4500
003 OSt
005 20221007070613.0
006 a|||||r|||| 00| 0
007 ta
008 221006b |||||||| |||| 00| 0 eng d
024 _a43,225
037 _cTextual
040 _aFLL
_cFLL
_beng
041 _2eng
_aeng
082 _aZ2,8,11w, Q3
100 _aPai V.S.
_9687513
245 0 _aLegends in law
260 _aGurgaon
_bLexisNexis India
_c2013
300 _a503 xxxiii
_ccm.
942 _hZ2,8,11w, Q3
_cTEXL
_2CC
999 _c1141011
_d1141011